000 01493nam a2200265Ia 4500
003 Ost
005 20260507075407.0
008 260507s9999||||xx |||||||||||||| ||und||
020 _a97751595195
040 _cfsecg
041 _aara
082 _a346.07
100 _aالشواربي، عبد الحميد
_eمؤلف
245 0 _aالأوراق التجارية :
_bالكمبيالة ، السند لأمر ، الشيك وفقا لقانون التجارة رقم 17 لسنة 1999 في ضوء الفقه و القضاء و التشريع مع نماذج العقود و الدعاوي التجارية /
_c عبد الحميد الشواربي
260 _aالإسكندرية:
_bالمكتب الجامعي الحديث,
_c2010
300 _a793 صفحة؛
_bإيضاحات ؛
_c24 سم
504 _aالمراجع ص.787
520 _a تم تناول الكمبيالة ( النصوص القانونية م 379 - 467) بالتطرق الى انشاء الكمبيالة و تداولها و ضمانات الوفاء بها و الوفاء بالكمبيالة و الرجوع لعدم الوفاء و السقوط و التقادم كما تم تناول السند لأمر ( الأذني ) و كذا الشيك .
653 _aالأوراق التجارية
653 _aالسندات
653 _aالشيكات
700 _aالشواربي، عاطف
_eمؤلف ثانوي
700 _aالشواربي، عمرو
_eمؤلف ثانوي
942 _cكتاب
999 _c44329
_d44329